| 000 | 00390 a2200145 4500 | ||
|---|---|---|---|
| 082 | _a346.499104 | ||
| 090 |
_c1099 _d1099 |
||
| 100 | _aMahmood,Shaukat | ||
| 245 |
_aThe Registration Act (XVI of 1908) _cShaukat Mahmood |
||
| 250 | _asixth Revised edition | ||
| 260 |
_aLahore _bLegal Research centre _c2007 |
||
| 300 | _a359p | ||
| 500 | _apaper cover | ||
| 942 |
_aNBS _cBK _k346.499104 MAH |
||
| 999 |
_c343630 _d343630 |
||